Quizzes
Events
Quiz Creation
Community
Videos
Private Events
Remove Ads
Sign In
Join for FREE
Feedback
Dark Mode
Quiz Categories
Sports
Geography
Music
Movies
Television
Just For Fun
Miscellaneous
History
Literature
Language
Science
Gaming
Entertainment
Religion
Holiday
For Kids
Quiz Lab
Recent
Popular Today
Quiz Kudos Today
Editor Picks
Curator Picks
Quizzes by...
Day
Popularity
Type
Ratings
Length
Year
Community
Subscriptions
Recent Discussions
Orange Saloon
Badges
Playlists
Quests
Create
Leaderboards
Showdown
Live 5
Trivia Bingo
Activity
Puzzle Library
Sporcle Events
Private Events
Virtual Trivia
Globe League
Become a Host
Pub Owners
SporcleCon
Opinionation
Our Games
Videos
Blog
Mobile Apps
Partnerships
Remove Ads and Go Orange
Feedback
Just For Fun
Clickable
Get the Picture
Humor
Quick Pick
Word Ladder
Missing Word
Mixed Word
Blitz
Minefield
This or That
Alphabet
Color
Typing
Sporcle
Puzzle
Word Play
Follow That Line
Logic
Just For Fun
Clickable
Get the Picture
Humor
Quick Pick
Word Ladder
Missing Word
Mixed Word
Blitz
Minefield
This or That
Alphabet
Color
Typing
Sporcle
Puzzle
Word Play
Follow That Line
Logic
Random Quiz
Search Sporcle
×
Quiz Lab
Quiz Lab
Just For Fun
stuff
Type in answers that appear in a list
Type in answers that appear in a list
Classic
Best Score? Go Orange.
Spiderwick Stats
Can you name the Spiderwick fariy creatures?
By
Rebecca101
9m
10 Questions
45 Plays
45 Plays
45 Plays
Comments
Comments
Give Quiz Kudos
Give Quiz Kudos
-
- Ratings
hide this ad
Random Order
Randomize order of answers
Randomize order of answers
Replay
Link that replays current quiz
Next Quiz
Link to next quiz in quiz playlist
You Got
0%
They Got
Avg Score
25%
Avg Friend Score
Upgrade to see
Score Distribution
Jump to the score distribution portion of the page
Score
0/10
Timer
09:00
0
Plays Today
Questings
Ansewers
% Correct
What is the name of the Brownie that takes care of the Spiderwick house?
Thimble Tack
64.4%
What does a Hoggoblin eat?
Birds
55.6%
Where is Aruther Spiderwick's book found?
Attic
44.4%
What is the name of the mean twin brother?
Jared Grace
40%
What sport does Mallory play?
Fenceing
17.8%
Where did the Grace Childern live before?
New York City
17.8%
Why can't you eat fairy food?
You won't want human food
6.7%
What surrounds the Spiderwick house?
A magical ring of mushrooms
2.2%
Who is after the book?
Oger
2.2%
What is the name of the Grace's Great Aunt?
Great Aunt Lucy
2.2%
Quiz Playlist
Details
Report
Send in Message
Add To Playlist
Classic:
Type in answers that appear in a list
Random Order:
Randomize order of answers
Last Updated: Feb 16, 2017
Quiz Scoreboard
CHALLENGE
Sign Up to Join the Scoreboard
Show All
Scores
Hide
Comments
May contain spoilers
Recently Published
Popular People in 1961
by mucciniale
History
6m
1-10 Letter E Words III
by El_Dandy
Language
2m
One Thing in Common: World Cities II
by knightlancer
Geography
7m
More to Explore
Quiz From the Vault
Featured Blog Post
Where Did the Easter Bunny Come From?
hide this ad
You Might Also Like...
Tags
creature
stuff
Today's Top Quizzes in Just For Fun
Browse Just For Fun
hide this ad
Today's Top Quizzes in stuff
Browse stuff
Top Contributed Quizzes in Just For Fun
1
Harry Potter Logic - 'In Chains' II
2
Survivor Winners Logic Puzzle
3
Crossword Whiteout! 49
4
Letter's Position in the Alphabet Blitz
5
Thermometer Puzzle 25
6
Aquarium Logic Puzzle 17
7
Big Thermometer Puzzle 21
8
Clickable 1 to 100 Minefield
9
K-Pop Idol Olympics Logic Quiz II
10
Tapa Puzzle
Explore More
Trending Topics
Crossword
Anime
Disney
Marvel
Harry Potter
Kpop
NBA
The Office
Song
Puzzle
WWE
Soccer
NFL
Pokémon
Country
hide this ad
More By:
Rebecca101
Quiz
Plays
Rating
Category
Featured
Created
Spiderwick
45
Just For Fun
Jul 5, 2010
Go to Creator's Profile
Score Distribution
Quiz Creator Spotlight
Rebecca101
Follow
Send a Message
Quizzes Created
-
Created Quiz Play Count
-
More By This Creator
Popular Quizzes Today
1
Find the US States - No Outlines Minefield
2
The Countries of the World
3
Find the Countries of Europe - No Outlines Minefield
4
Popular People in 1961
5
1-10 Letter E Words III
6
Find the US States
7
One Thing in Common: World Cities II
8
US States
More Just For Fun Quizzes
Word Ladder: How I Met Your Friends
Published
Trending Quizzes
Risky Map Clicking: Least Populous States A-Z
1-10 Letter F Words
1-10 Letter G Words
One Thing in Common: United Kingdom
Risky Map Clicking: Next State Alphabetically
Recently Updated
Leaping Animals
pecheneg
Reality TV Shows (A-Z)
bhenderson79
Rickey Henderson's Hall of Fame Teammates
pecheneg
Champions League XIs: Arsenal
pecheneg
Quick Pick: Celebrities in WWE's Hall of Fame
aduchscher
A-Z Keypad Blitz II
pecheneg
Multiple Oscar Actors
pecheneg
Mystery Phrase Blitz: Oscar 'Best Actors'
pecheneg
F. Scott Fitzgerald Novels
LTH
Pick 3 Villains
ddd62291
Trending Topics
NBA
Marvel
Kpop
Crossword
Anime
Harry Potter
Disney
Soccer
Country
Pokémon
NFL
The Office
WWE
Puzzle
Song
Your Account Isn't Verified!
In order to create a playlist on Sporcle, you need to verify the email address you used during registration. Go to your
Sporcle Settings
to finish the process.
Report this User
Report this user for behavior that violates our
Community Guidelines
.
Details:
Send Report
Go to the Sporcle.com Mobile Site →
Comments